| 000 | 00873cab a2200205 4500 | ||
|---|---|---|---|
| 001 | ##L134332 | ||
| 008 | 060726n2006 000 0 eng u | ||
| 035 | _a(Sirsi) u134332 | ||
| 041 | 0 | _aeng | |
| 100 | 1 | _aO'Dempsey, Declan | |
| 245 | 0 | 0 | _aAge discrimination 2006 |
| 260 | _c2006 | ||
| 490 | 0 |
_aScots Law Times _v(19) 16 June 2006, 113-123(11) |
|
| 520 | _aExamines the Employment Equality (Age) Regulations 2006, which come into force on 1 October 2006. Looks at the basic principles of age discrimination, justification principles and specific exceptions. Considers the new retirement dismissal regime and the right to request to work beyond retirement. | ||
| 590 | _aIKA010806 | ||
| 650 | 2 | 4 | _aEMPLOYMENT EQUALITY (AGE) REGULATIONS 2006 |
| 651 | 4 |
_aScotland _y1999- |
|
| 690 | _aMANAGEMENT-BUSINESS MANAGEMENT-DISCRIMINATION-AGE DISCRIMINATION | ||
| 942 | _n0 | ||
| 999 |
_c77458 _d77458 |
||